| 000 | 00779cam a22002413a 4500 | ||
|---|---|---|---|
| 001 | 131 | ||
| 003 | PGUSA | ||
| 005 | 20140828082944.0 | ||
| 008 | 940501s1994||||xxu|||||s|||||000 1 eng d | ||
| 040 |
_aPGUSA _beng |
||
| 042 | _adc | ||
| 050 | 4 | _aPR | |
| 100 | 1 |
_aBunyan, John, _d1628-1688 |
|
| 245 | 1 | 4 |
_aThe Pilgrim's Progress from this world to that which is to come : _bDelivered under the similitude of a dream, by John Bunyan _h[electronic resource] / _cJohn Bunyan |
| 260 |
_bProject Gutenberg, _c1994 |
||
| 506 | _aPublic domain in the USA. | ||
| 516 | _aElectronic text | ||
| 653 | _aChristian fiction | ||
| 653 | _aChristian pilgrims and pilgrimages -- Fiction | ||
| 830 | 0 |
_aProject Gutenberg _v131 |
|
| 856 | 4 | 0 | _uhttp://www.gutenberg.org/ebooks/131 |
| 942 | _cEB | ||
| 999 |
_c229502 _d229502 |
||